000 00413nam a22001337a 4500
999 _c3397
_d3397
008 200611b ||||| |||| 00| 0 eng d
082 0 0 _a528.2
_bN314
110 _95433
_aNautical Almanac Office
245 1 0 _aSelected pages from the Nautical almanac 1992 : supplement principles of navigation /
260 _aLondon:
_bNautical Almanac Office,
_c1992.
300 _a52 p.
650 0 _aNautical Science
942 _cBK